| 000 | 00519nam a2200217Ia 4500 | ||
|---|---|---|---|
| 008 | 150909s9999 xx 000 0 und d | ||
| 041 | _aEnglish | ||
| 082 | _a589.3 | ||
| 082 | _bFri/st | ||
| 100 | _aFritsdh FE | ||
| 100 | _eAuthor | ||
| 245 | _aStructure and reproduction of the algae V.2 | ||
| 260 | _aNew Delhi | ||
| 260 | _bVikas publishing house Pvt Ltd | ||
| 260 | _c1977 | ||
| 300 | _a939 Pages | ||
| 365 | _aRs.234 | ||
| 650 | _aAlgology | ||
| 650 | _aPhycology | ||
| 942 | _cBK | ||
| 999 |
_c250947 _d250947 |
||